| 000 | 00475nam a2200181Ia 4500 | ||
|---|---|---|---|
| 008 | 161112s9999 xx 000 0 und d | ||
| 020 | _a962-684-091-9 | ||
| 050 | _aREF DS 654 | ||
| 050 | _b.W45 2005 | ||
| 245 | 0 | _aWelcome to the Philippines / | |
| 260 | _aManila : | ||
| 260 | _bIsmay Pub. Ltd., | ||
| 260 | _c2005 | ||
| 300 | _a228 pages : | ||
| 300 | _bcolor illustrations ; | ||
| 300 | _c31 cm. | ||
| 650 | _aPhilippines -- Description and travel -- Guidebooks. | ||
| 999 |
_c305249 _d305249 |
||